[Event "Politiken Cup 37th"]
[White "Myhre, Mads Wollan"]
[Black "Lundberg, Roland"]
[Site "Helsingor"]
[Round "3"]
[Result "0-1"]
[Date "2015.07.26"]
[WhiteElo "1686"]
[BlackElo "1990"]
[PlyCount "82"]
[EventDate "2015.07.25"]
[EventType "swiss"]
[EventRounds "10"]
[EventCountry "DEN"]
[SourceTitle "CBM 167 Extra"]
[Source "ChessBase"]
[SourceDate "2015.09.14"]
[SourceVersion "1"]
[SourceVersionDate "2015.09.14"]
[SourceQuality "1"]

1. c4 g6 2. g3 Bg7 3. Nc3 Nf6 4. Bg2 0-0 5. e3 c5 6. Nge2 Nc6 7. 0-0 Ne8 8. d4 cxd4 9. exd4 d6 10. a3 Bg4 11. h3 Bd7 12. b4 Rc8 13. Bb2 Nf6 14. f4 Qc7 15. Rc1 Qb8 16. g4 h5 17. g5 Nh7 18. Nd5 e6 19. Ne3 Ne7 20. Ng3 Rfd8 21. Qe2 d5 22. cxd5 Rxc1 23. Rxc1 Qxf4 24. Rc3 Qxg3 25. Nf5 Qxg5 26. Nxg7 Nxd5 27. Rf3 Kxg7 28. Qf2 Nhf6 29. Qf1 Rc8 30. Qf2 Ba4 31. h4 Qh6 32. Rxf6 Nxf6 33. d5 g5 34. Qg3 g4 35. Qe5 exd5 36. Qg5+ Qxg5 37. hxg5 Kg6 38. Bxf6 Bb3 39. Bf1 Bc4 40. Bg2 Re8 41. Kh2 h4 0-1

[Event "NOR-ch U12"]
[White "Myhre, Mads Wollan"]
[Black "Fossan, Aleksander"]
[Site "Stavanger/Sandnes"]
[Round "3"]
[Result "0-1"]
[Date "2014.11.??"]
[WhiteElo "1432"]
[BlackElo "1456"]
[PlyCount "62"]
[EventDate "2014.11.14"]
[EventType "swiss"]
[EventRounds "7"]
[EventCountry "NOR"]
[SourceTitle "EXT 2024"]
[Source "ChessBase"]
[SourceDate "2023.10.10"]
[SourceVersion "1"]
[SourceVersionDate "2023.10.10"]
[SourceQuality "1"]

1. c4 c5 2. Nf3 Nc6 3. Nc3 g6 4. g3 Bg7 5. Bg2 e6 6. d3 Nge7 7. a3 0-0 8. 0-0 d5 9. Nd2 b6 10. Rb1 Bb7 11. b4 Bxc3 12. bxc5 Qc7 13. cxb6 axb6 14. Qb3 Nd4 15. Qxb6 Nxe2+ 16. Kh1 Qxb6 17. Rxb6 Rfb8 18. Nb3 Nxc1 19. Rxc1 Be5 20. Nc5 Bc8 21. Rcb1 Rxb6 22. Rxb6 Bd4 23. Rb5 Rxa3 24. Bh3 dxc4 25. dxc4 Bxc5 26. Rxc5 Bb7+ 27. Kg1 Ra1+ 28. Bf1 Be4 29. Rc7 Bd3 30. Rxe7 Bxf1 31. c5 Bh3# 0-1

[Event "Oslo op-B"]
[White "Myhre, Mads Wollan"]
[Black "Roksvold, Thore"]
[Site "Oslo"]
[Round "2"]
[Result "0-1"]
[Date "2014.09.28"]
[WhiteElo "1646"]
[BlackElo "1140"]
[PlyCount "120"]
[EventDate "2014.09.28"]
[EventType "swiss"]
[EventRounds "9"]
[EventCountry "NOR"]
[SourceTitle "EXT 2017"]
[Source "ChessBase"]
[SourceDate "2016.10.25"]
[SourceVersion "1"]
[SourceVersionDate "2016.10.25"]
[SourceQuality "1"]

1. c4 e6 2. g3 d5 3. cxd5 exd5 4. Bg2 c6 5. Nf3 Nf6 6. 0-0 Bd6 7. d3 0-0 8. Nc3 Be6 9. a3 Nbd7 10. b4 Ng4 11. Qc2 Nge5 12. Nxe5 Nxe5 13. Rd1 Rc8 14. Bb2 Qd7 15. Rac1 a6 16. Ba1 Bh3 17. Qb2 Bxg2 18. Kxg2 f6 19. Qb3 Kh8 20. Na4 Qf5 21. Rd2 Bb8 22. Bd4 Nf7 23. Bc5 Rfe8 24. Nb6 Rcd8 25. h4 Ne5 26. Na4 Ng4 27. Nb2 Bd6 28. Nd1 Bb8 29. d4 Qg6 30. Bb6 Rd6 31. Qf3 Rde6 32. Rc3 h5 33. Nb2 Qh6 34. Rcd3 g5 35. hxg5 fxg5 36. e3 Rf6 37. Qd1 Qf8 38. Qe1 Qf7 39. Nd1 Rf8 40. Bc5 Re8 41. Qh1 Bc7 42. b5 axb5 43. Qe1 h4 44. Qh1 Rh6 45. Qh3 Nf6 46. g4 Qg6 47. f3 Nd7 48. Bb4 Bg3 49. Nf2 Nb6 50. Rc3 Nc4 51. Re2 Qh7 52. Nh1 Bf4 53. Kf2 Rhe6 54. e4 dxe4 55. fxe4 Rxe4 56. Rxe4 Qxe4 57. Qf3 Qe1+ 58. Kg2 Re2+ 59. Nf2 Nd2 60. Rc5 Qf1# 0-1

[Event "Politiken Cup 36th"]
[White "Paulsson, Anders"]
[Black "Myhre, Mads Wollan"]
[Site "Helsingor"]
[Round "8"]
[Result "1-0"]
[Date "2014.07.27"]
[WhiteElo "1788"]
[BlackElo "1509"]
[PlyCount "91"]
[EventDate "2014.07.21"]
[EventType "swiss"]
[EventRounds "10"]
[EventCountry "DEN"]
[SourceTitle "CBM 161 Extra"]
[Source "ChessBase"]
[SourceDate "2014.08.29"]
[SourceVersion "1"]
[SourceVersionDate "2014.08.29"]
[SourceQuality "1"]

1. e4 d6 2. d4 Nf6 3. Nc3 g6 4. Bg5 Bg7 5. Qd2 c6 6. Bc4 0-0 7. Bh6 Nxe4 8. Nxe4 d5 9. Bxg7 Kxg7 10. Bb3 dxe4 11. 0-0-0 a5 12. a3 b5 13. f3 exf3 14. Nxf3 Qb6 15. Rde1 e6 16. h4 b4 17. h5 Ra7 18. hxg6 fxg6 19. Ng5 Kg8 20. Nxe6 Bxe6 21. Bxe6+ Kh8 22. Qh6 Rg7 23. axb4 Qxb4 24. c3 Qd6 25. Ba2 Nd7 26. Re6 Qg3 27. Rxc6 Qxg2 28. Rc7 Rf1+ 29. Rxf1 Qxf1+ 30. Kc2 Qe2+ 31. Qd2 Qe4+ 32. Qd3 Qxd3+ 33. Kxd3 Nc5+ 34. Rxc5 h5 35. Rxa5 h4 36. Rg5 Kh7 37. Ke4 Kh6 38. Kf4 Rb7 39. b4 Ra7 40. Be6 Ra1 41. Rg2 g5+ 42. Ke3 Kh5 43. d5 Re1+ 44. Kf2 Re5 45. b5 h3 46. Rg3 1-0

[Event "Politiken Cup 36th"]
[White "Akkanen, Timo"]
[Black "Myhre, Mads Wollan"]
[Site "Helsingor"]
[Round "4"]
[Result "0-1"]
[Date "2014.07.23"]
[WhiteElo "1771"]
[BlackElo "1509"]
[PlyCount "108"]
[EventDate "2014.07.21"]
[EventType "swiss"]
[EventRounds "10"]
[EventCountry "DEN"]
[SourceTitle "CBM 161 Extra"]
[Source "ChessBase"]
[SourceDate "2014.08.29"]
[SourceVersion "1"]
[SourceVersionDate "2014.08.29"]
[SourceQuality "1"]

1. Nf3 d5 2. c4 e6 3. d4 Nf6 4. Nc3 c6 5. Bg5 Nbd7 6. e3 Qa5 7. Nd2 Be7 8. Bf4 Bb4 9. Qc2 0-0 10. Be2 Re8 11. a3 Bf8 12. 0-0 Qd8 13. e4 dxe4 14. Ncxe4 Nxe4 15. Nxe4 Nf6 16. Rad1 Nxe4 17. Qxe4 Bd6 18. Be5 f6 19. Bh5 Re7 20. Rd3 Qc7 21. Rfd1 Bd7 22. c5 Bxe5 23. dxe5 fxe5 24. Rd6 Be8 25. Bg4 Bf7 26. Qxe5 Rae8 27. h4 h6 28. R1d3 Kh8 29. h5 Bg8 30. Rg3 Bh7 31. Be2 Rf7 32. b4 Ref8 33. Bc4 Re8 34. Re3 Bf5 35. f3 Bh7 36. g4 Bg8 37. f4 Rd7 38. Red3 Rxd6 39. Rxd6 Qc8 40. g5 hxg5 41. fxg5 Re7 42. Bd3 Qf8 43. Kg2 Rf7 44. Qd4 Rf4 45. Qe3 e5 46. Qxe5 Bd5+ 47. Kg3 Rf3+ 48. Kg4 Rxd3 49. Rh6+ Kg8 50. Rf6 gxf6 51. gxf6 Qc8+ 52. Kf4 Rf3+ 53. Kg5 Be6 54. Qe4 Rg3+ 0-1

[Event "Politiken Cup 36th"]
[White "Brondum, Eric"]
[Black "Myhre, Mads Wollan"]
[Site "Helsingor"]
[Round "2"]
[Result "1-0"]
[Date "2014.07.22"]
[WhiteElo "2119"]
[BlackElo "1509"]
[PlyCount "125"]
[EventDate "2014.07.21"]
[EventType "swiss"]
[EventRounds "10"]
[EventCountry "DEN"]
[SourceTitle "CBM 161 Extra"]
[Source "ChessBase"]
[SourceDate "2014.08.29"]
[SourceVersion "1"]
[SourceVersionDate "2014.08.29"]
[SourceQuality "1"]

1. d4 d5 2. Nf3 c6 3. g3 Nf6 4. Bg2 Bf5 5. 0-0 e6 6. c4 Bd6 7. Nc3 Qc7 8. c5 Be7 9. Bf4 Qd8 10. Nh4 Bg6 11. Nxg6 hxg6 12. e4 dxe4 13. Nxe4 Nxe4 14. Bxe4 Bg5 15. Bd6 Be7 16. Bf4 Bg5 17. Be3 Bxe3 18. fxe3 Qg5 19. Qf3 f5 20. Bc2 Qh6 21. Rf2 Nd7 22. Qf4 Qxf4 23. exf4 0-0-0 24. Bb3 Rhe8 25. Re2 Nf8 26. Rd1 Nh7 27. Rxe6 Rxe6 28. Bxe6+ Kc7 29. Bf7 Nf8 30. Kf2 Rd7 31. Bg8 Re7 32. Re1 Rd7 33. Re8 Rxd4 34. Rxf8 Rd2+ 35. Ke3 Rxh2 36. Rf7+ Kb8 37. Rxg7 Rxb2 38. Rxg6 Kc7 39. Rg7+ Kb8 40. Be6 a5 41. g4 fxg4 42. f5 Rb1 43. Rxg4 Kc7 44. Rg7+ Kb8 45. Rg8+ Ka7 46. Kf4 Rf1+ 47. Ke5 Re1+ 48. Kd6 Rd1+ 49. Ke7 b6 50. f6 bxc5 51. f7 Rf1 52. f8Q Rxf8 53. Rxf8 Ka6 54. Bc4+ Kb6 55. Kd7 a4 56. Ra8 a3 57. Rxa3 Kb7 58. Kd6 Kb6 59. Rb3+ Ka5 60. Kxc5 Ka4 61. Rb6 Ka3 62. Be6 Ka4 63. Ra6# 1-0

[Event "Fagernes Norsk op-B"]
[White "Dybvik, Bjoern Noralf"]
[Black "Myhre, Mads Wollan"]
[Site "Fagernes"]
[Round "9"]
[Result "1/2-1/2"]
[Date "2014.04.13"]
[WhiteElo "1284"]
[BlackElo "1487"]
[PlyCount "64"]
[EventDate "2014.04.13"]
[EventType "swiss"]
[EventRounds "9"]
[EventCountry "NOR"]
[SourceTitle "EXT 2016"]
[Source "ChessBase"]
[SourceDate "2015.10.08"]
[SourceVersion "1"]
[SourceVersionDate "2015.10.08"]
[SourceQuality "1"]

1. c4 e5 2. Nc3 Nf6 3. g3 d5 4. cxd5 Nxd5 5. Bg2 Nb6 6. Nf3 Nc6 7. 0-0 f6 8. d3 Be6 9. Bd2 Be7 10. Rc1 Qd7 11. a3 g5 12. Ne4 h5 13. Nc5 Bxc5 14. Rxc5 h4 15. b4 Bh3 16. Qb3 Bxg2 17. Kxg2 hxg3 18. fxg3 Qh3+ 19. Kf2 g4 20. Qe6+ Ne7 21. Rxc7 Nbd5 22. Rxe7+ Nxe7 23. Nh4 Qxh2+ 24. Ng2 Qh7 25. Ke1 Rc8 26. Qxf6 Nc6 27. Qe6+ Ne7 28. Qxe5 Rf8 29. Qb5+ Nc6 30. Nf4 Qf7 31. Rh1 Qf6 32. Kf2 Rc7 1/2-1/2

[Event "Fagernes Norsk op-B"]
[White "Merkesvik, Amalie Isabel"]
[Black "Myhre, Mads Wollan"]
[Site "Fagernes"]
[Round "4"]
[Result "1/2-1/2"]
[Date "2014.04.13"]
[WhiteElo "1521"]
[BlackElo "1487"]
[PlyCount "120"]
[EventDate "2014.04.13"]
[EventType "swiss"]
[EventRounds "9"]
[EventCountry "NOR"]
[SourceTitle "EXT 2016"]
[Source "ChessBase"]
[SourceDate "2015.10.08"]
[SourceVersion "1"]
[SourceVersionDate "2015.10.08"]
[SourceQuality "1"]

1. e4 e6 2. Nf3 d5 3. exd5 exd5 4. d4 Bd6 5. c4 c6 6. c5 Bc7 7. Nc3 Bf5 8. Bd3 Bxd3 9. Qxd3 Nf6 10. 0-0 0-0 11. Bg5 Nbd7 12. Rae1 b6 13. Ne5 Qb8 14. Nxd7 Nxd7 15. Re7 Bd8 16. Rxd7 Bxg5 17. Rd6 Qb7 18. Qh3 Rad8 19. Rxd8 Rxd8 20. Qg4 Bf6 21. b4 bxc5 22. bxc5 Qb2 23. Ne2 Qxa2 24. Ng3 Kh8 25. Nh5 Rg8 26. Nxf6 gxf6 27. Qf4 Rg6 28. h4 Qe2 29. Qd6 Qe6 30. h5 Rg8 31. h6 f5 32. Rb1 Qg6 33. g3 f4 34. Qxg6 Rxg6 35. Rb7 fxg3 36. Rxf7 gxf2+ 37. Kxf2 Rxh6 38. Rxa7 Rg6 39. Ke3 Rf6 40. Ra8+ Kg7 41. Ra7+ Kg6 42. Ra1 h5 43. Rg1+ Kh6 44. Ke2 Rg6 45. Rf1 h4 46. Rf5 h3 47. Rf3 Re6+ 48. Kd2 Kg5 49. Rxh3 Kg4 50. Rd3 Kf4 51. Rh3 Rg6 52. Rh4+ Kg3 53. Rh1 Kg2 54. Re1 Rf6 55. Re5 Kg3 56. Rg5+ Kf4 57. Re5 Rg6 58. Kc2 Rg2+ 59. Kc3 Rg3+ 60. Kd2 Rg6 1/2-1/2

[Event "Fagernes Norsk op-B"]
[White "Myhre, Mads Wollan"]
[Black "Landsverk, Ida"]
[Site "Fagernes"]
[Round "3"]
[Result "0-1"]
[Date "2014.04.13"]
[WhiteElo "1487"]
[BlackElo "1160"]
[PlyCount "40"]
[EventDate "2014.04.13"]
[EventType "swiss"]
[EventRounds "9"]
[EventCountry "NOR"]
[SourceTitle "EXT 2016"]
[Source "ChessBase"]
[SourceDate "2015.10.08"]
[SourceVersion "1"]
[SourceVersionDate "2015.10.08"]
[SourceQuality "1"]

1. d4 Nf6 2. c4 c5 3. d5 b5 4. cxb5 a6 5. bxa6 g6 6. Nc3 Bxa6 7. Nf3 d6 8. g3 Bg7 9. Bg2 0-0 10. 0-0 Nbd7 11. Re1 Qb6 12. e4 Rfb8 13. Nd2 Ne5 14. Bf1 c4 15. Nf3 Nfg4 16. Nd4 Qxd4 17. Qxd4 Nf3+ 18. Kg2 Nxe1+ 19. Kh3 Bxd4 20. Kxg4 h5+ 0-1

[Event "Fagernes Norsk op-B"]
[White "Myhre, Mads Wollan"]
[Black "Mossin, Ivar Alexander"]
[Site "Fagernes"]
[Round "6"]
[Result "1-0"]
[Date "2014.04.13"]
[WhiteElo "1487"]
[BlackElo "1847"]
[PlyCount "63"]
[EventDate "2014.04.13"]
[EventType "swiss"]
[EventRounds "9"]
[EventCountry "NOR"]
[SourceTitle "EXT 2016"]
[Source "ChessBase"]
[SourceDate "2015.10.08"]
[SourceVersion "1"]
[SourceVersionDate "2015.10.08"]
[SourceQuality "1"]

1. c4 Nf6 2. d4 c5 3. d5 e6 4. Nc3 exd5 5. cxd5 d6 6. Nf3 g6 7. Bf4 Bg7 8. e4 0-0 9. Qb3 a6 10. Nd2 b5 11. f3 Re8 12. Bxb5 axb5 13. Nxb5 Bf8 14. Bg5 h6 15. Bxf6 Qxf6 16. Nc7 Qd8 17. Nxa8 Nd7 18. Nc4 Ba6 19. Nab6 Nxb6 20. Nxb6 Rxe4+ 21. fxe4 Qh4+ 22. Kd1 Qxe4 23. Qc2 Bd3 24. Qd2 Be7 25. h3 Bg5 26. Re1 Qf5 27. Qc3 Bf6 28. Qb3 Qh5+ 29. Kd2 Qf5 30. Qxd3 Bg5+ 31. Kc2 Qf2+ 32. Re2 1-0

[Event "Fagernes Norsk op-B"]
[White "Myhre, Mads Wollan"]
[Black "Skaug, Thorbjorn"]
[Site "Fagernes"]
[Round "8"]
[Result "1-0"]
[Date "2014.04.13"]
[WhiteElo "1487"]
[BlackElo "1631"]
[PlyCount "157"]
[EventDate "2014.04.13"]
[EventType "swiss"]
[EventRounds "9"]
[EventCountry "NOR"]
[SourceTitle "EXT 2016"]
[Source "ChessBase"]
[SourceDate "2015.10.08"]
[SourceVersion "1"]
[SourceVersionDate "2015.10.08"]
[SourceQuality "1"]

1. c4 b5 2. cxb5 a6 3. e4 axb5 4. Bxb5 e6 5. Nc3 Bb7 6. f3 Bb4 7. Nge2 Nf6 8. 0-0 0-0 9. d4 Be7 10. Be3 d6 11. Qc2 Nbd7 12. Rfd1 Qc8 13. Rac1 c5 14. Bxd7 Nxd7 15. a3 cxd4 16. Nxd4 Rd8 17. Ncb5 Qxc2 18. Rxc2 Rdc8 19. Rdc1 Rxc2 20. Rxc2 Rc8 21. b4 Rxc2 22. Nxc2 d5 23. exd5 Bxd5 24. Nc3 Bb7 25. a4 Ne5 26. b5 Nc4 27. Bf4 Bc5+ 28. Kf1 Bb6 29. Ke2 Na5 30. Be3 Bc7 31. Kd3 Bxh2 32. Na3 Bc7 33. Nc4 Kf8 34. Nxa5 Bxa5 35. Bc5+ Ke8 36. Ne4 Bd5 37. Nd6+ Kd7 38. Nc4 Bd8 39. Nb6+ Bxb6 40. Bxb6 Bb3 41. a5 Bd5 42. a6 Ba8 43. Ba7 Kc8 44. b6 h6 45. Kd4 g5 46. Ke5 g4 47. b7+ Bxb7 48. axb7+ Kxb7 49. Be3 gxf3 50. gxf3 h5 51. Bg5 Kc7 52. Bf4 Kd7 53. Kf6 Ke8 54. Be5 h4 55. Bf4 h3 56. Kg5 f5 57. Kh4 Kf7 58. Be5 h2 59. Bxh2 Kf6 60. f4 Kg6 61. Kg3 Kf6 62. Kf3 Ke7 63. Bg1 Kd6 64. Bd4 Kd5 65. Be5 Kc6 66. Kg3 Kd7 67. Kh4 Ke7 68. Kh5 Kf7 69. Kh6 Kf8 70. Kg6 Ke7 71. Kg7 Ke8 72. Kf6 Kd7 73. Kf7 Kd8 74. Kxe6 Ke8 75. Kxf5 Ke7 76. Kg6 Kf8 77. f5 Kg8 78. f6 Kf8 79. f7 1-0

[Event "Fagernes Norsk op-B"]
[White "Warstad, Leif Edvin"]
[Black "Myhre, Mads Wollan"]
[Site "Fagernes"]
[Round "7"]
[Result "1-0"]
[Date "2014.04.13"]
[WhiteElo "1560"]
[BlackElo "1487"]
[PlyCount "113"]
[EventDate "2014.04.13"]
[EventType "swiss"]
[EventRounds "9"]
[EventCountry "NOR"]
[SourceTitle "EXT 2016"]
[Source "ChessBase"]
[SourceDate "2015.10.08"]
[SourceVersion "1"]
[SourceVersionDate "2015.10.08"]
[SourceQuality "1"]

1. Nf3 d5 2. d4 Nf6 3. c4 c6 4. e3 Bf5 5. Nc3 e6 6. Be2 Bd6 7. Qb3 Qc7 8. Bd2 Nbd7 9. Rc1 0-0 10. cxd5 exd5 11. Nb5 Qb8 12. Nxd6 Qxd6 13. Bb4 c5 14. dxc5 Qe6 15. 0-0 Rfe8 16. Nd4 Qe5 17. c6 bxc6 18. Nxc6 Qe6 19. Nd4 Qe5 20. Qa3 Ne4 21. Nf3 Qf6 22. Rfd1 Nb6 23. b3 Bg4 24. Be1 h5 25. Nd4 Bxe2 26. Nxe2 Qg6 27. Nf4 Qg5 28. Qb2 Rad8 29. Qd4 Nf6 30. Rc7 Re4 31. Qc5 Nbd7 32. Qxa7 Rde8 33. h3 Ne5 34. Kf1 Ng6 35. Nxg6 Qxg6 36. Rc3 h4 37. f3 Qf5 38. Kg1 R4e7 39. Qd4 Qg5 40. Bf2 Nh5 41. Bxh4 Qg6 42. Bxe7 Rxe7 43. Qxd5 Ng3 44. Rc8+ Kh7 45. Qd3 Qxd3 46. Rxd3 Ra7 47. a4 Rb7 48. e4 Nh5 49. Kf2 Nf4 50. Rdc3 Ne6 51. Ke3 Kg6 52. f4 Kf6 53. g4 g5 54. f5 Nf4 55. R8c6+ Kg7 56. a5 f6 57. Rc7+ 1-0

[Event "NOR-ch U10"]
[White "Olsen, William Sandberg"]
[Black "Myhre, Mads Wollan"]
[Site "Lillehammer"]
[Round "8"]
[Result "1-0"]
[Date "2013.06.29"]
[WhiteElo "884"]
[BlackElo "939"]
[PlyCount "49"]
[EventDate "2013.06.29"]
[EventType "swiss"]
[EventRounds "9"]
[EventCountry "NOR"]
[SourceTitle "EXT 2017"]
[Source "ChessBase"]
[SourceDate "2016.10.25"]
[SourceVersion "1"]
[SourceVersionDate "2016.10.25"]
[SourceQuality "1"]

1. d4 d5 2. c4 c6 3. Nf3 Nf6 4. Nc3 e6 5. cxd5 exd5 6. Bg5 Nbd7 7. e3 Qa5 8. Bd3 Bd6 9. 0-0 0-0 10. Qc2 h6 11. Bh4 Re8 12. Rae1 Qc7 13. e4 dxe4 14. Nxe4 Nxe4 15. Bxe4 Nb6 16. Bh7+ Kf8 17. Rxe8+ Kxe8 18. Re1+ Be6 19. Bf5 Qc8 20. Bxe6 fxe6 21. Qg6+ Kf8 22. Rxe6 Qd7 23. Rxd6 Qc7 24. Re6 Nd5 25. Re1 1-0